| 000 | 00485nam a22001697a 4500 | ||
|---|---|---|---|
| 005 | 20251108165034.0 | ||
| 008 | 250721s1972 xx 000 0 ara d | ||
| 082 | 1 | 4 | _a956.3/خ |
| 100 | 1 | _aخصباك، شاكر | |
| 245 | 1 | 0 |
_aالأكراد : _bدراسة جغرافية إثنوغرافية / |
| 264 | 1 |
_aبغداد : _bجامعة بغداد، _c1972. |
|
| 300 | _a560ص | ||
| 650 | 1 | 7 | _aتاريخ العراق |
| 650 | 1 | 7 | _aالأكراد |
| 942 |
_2ddc _cBK |
||
| 999 |
_c20608 _d20608 |
||